MARC details
| 000 -LEADER |
| campo de control de longitud fija |
01719nam a22004097a 4500 |
| 003 - IDENTIFICADOR DE NÚMERO DE CONTROL |
| campo de control |
OSt |
| 005 - FECHA Y HORA DE LA ÚLTIMA TRANSACCIÓN |
| campo de control |
20230308132817.0 |
| 008 - DATOS DE LONGITUD FIJA--INFORMACIÓN GENERAL |
| campo de control de longitud fija |
221006b |||||||| |||| 00| 0 eng d |
| 020 ## - NÚMERO INTERNACIONAL ESTÁNDAR DEL LIBRO |
| Número Internacional Estándar del Libro |
1696-6690 |
| 040 ## - FUENTE DE CATALOGACIÓN |
| Centro/agencia transcriptor |
Biblioteca Lado V |
| 082 ## - NÚMERO DE LA CLASIFICACIÓN DECIMAL DEWEY |
| Número de clasificación |
700.41 |
| Número de ítem |
R744a |
| 100 ## - ENTRADA PRINCIPAL--NOMBRE DE PERSONA |
| 9 (RLIN) |
525 |
| Nombre de persona |
Rolando, Carlos |
| Término indicativo de función/relación |
autor |
| 245 ## - MENCIÓN DEL TÍTULO |
| Título |
ARCO Contemporary art/ |
| 260 ## - PUBLICACIÓN, DISTRIBUCIÓN, ETC. |
| Nombre del editor, distribuidor, etc. |
Feria Internacional de Arte Contemporáneo |
| Fecha de publicación, distribución, etc. |
2006 |
| Lugar de publicación, distribución, etc. |
Madrid |
| 300 ## - DESCRIPCIÓN FÍSICA |
| Dimensiones |
21x30cm |
| Extensión |
86p. |
| 490 ## - MENCIÓN DE SERIE |
| Mención de serie |
39 |
| Designación de volumen o secuencia |
2006 |
| 505 ## - NOTA DE CONTENIDO CON FORMATO |
| Título |
From the middle: between East and West |
| 505 ## - NOTA DE CONTENIDO CON FORMATO |
| Título |
The divided body. On Prostheses and other Accesories to think the world |
| 505 ## - NOTA DE CONTENIDO CON FORMATO |
| Título |
History, Trauma, Visual Art |
| 505 ## - NOTA DE CONTENIDO CON FORMATO |
| Título |
Modernity, a legacy of the 19th century |
| 505 ## - NOTA DE CONTENIDO CON FORMATO |
| Título |
Is Spanish Contemporary Art still possible and if so, what ar its distinguishibg Features? |
| 505 ## - NOTA DE CONTENIDO CON FORMATO |
| Título |
Must-Reads |
| 505 ## - NOTA DE CONTENIDO CON FORMATO |
| Título |
Cityscapes: Bilbao |
| 505 ## - NOTA DE CONTENIDO CON FORMATO |
| Título |
Hangar Centre de Produccio d'Arts Visuals |
| 505 ## - NOTA DE CONTENIDO CON FORMATO |
| Título |
The CCA Wattis Institute for Contemporary Arts |
| 505 ## - NOTA DE CONTENIDO CON FORMATO |
| Título |
Keeping it Modern: The Museum of Modern Art (MOMA) |
| 505 ## - NOTA DE CONTENIDO CON FORMATO |
| Título |
Espai d'Art Contemporani de Castello |
| 505 ## - NOTA DE CONTENIDO CON FORMATO |
| Título |
The Jorge Oteiza Museum in Alzuza: a Dialogue Between Architecture and Sculpture |
| 505 ## - NOTA DE CONTENIDO CON FORMATO |
| Título |
The National Museum of Contemporary Art in Athens, a Dream becomes a Reality |
| 650 ## - PUNTO DE ACCESO ADICIONAL DE MATERIA--TÉRMINO DE MATERIA |
| Fuente del encabezamiento o término |
Tesauro de Arte & Arquitectura |
| Término de materia o nombre geográfico como elemento de entrada |
ARTE |
| 9 (RLIN) |
703 |
| 650 ## - PUNTO DE ACCESO ADICIONAL DE MATERIA--TÉRMINO DE MATERIA |
| Fuente del encabezamiento o término |
Tesauro de Arte & Arquitectura |
| Término de materia o nombre geográfico como elemento de entrada |
NOTICIAS |
| 650 ## - PUNTO DE ACCESO ADICIONAL DE MATERIA--TÉRMINO DE MATERIA |
| Fuente del encabezamiento o término |
Tesauro de Arte & Arquitectura |
| Término de materia o nombre geográfico como elemento de entrada |
CRITICA |
| 650 ## - PUNTO DE ACCESO ADICIONAL DE MATERIA--TÉRMINO DE MATERIA |
| Fuente del encabezamiento o término |
Tesauro de Arte & Arquitectura |
| Término de materia o nombre geográfico como elemento de entrada |
APRECIACION |
| 650 ## - PUNTO DE ACCESO ADICIONAL DE MATERIA--TÉRMINO DE MATERIA |
| Fuente del encabezamiento o término |
Tesauro de Arte & Arquitectura |
| Término de materia o nombre geográfico como elemento de entrada |
VISIBILIDAD |
| 650 ## - PUNTO DE ACCESO ADICIONAL DE MATERIA--TÉRMINO DE MATERIA |
| Fuente del encabezamiento o término |
Tesauro de Arte & Arquitectura |
| Término de materia o nombre geográfico como elemento de entrada |
COLECCIONISMO |
| 942 ## - ELEMENTOS DE ENTRADA SECUNDARIOS (KOHA) |
| Fuente del sistema de clasificación o colocación |
Clasificación Decimal Dewey |
| Tipo de ítem Koha |
Libros |
| Parte de la signatura que corresponde a la clasificación (Parte de la clasificación) |
700.41 |
| Parte de la signatura que identifica el ejemplar (Parte del ítem) |
R744a |
| Suprimir en OPAC |
No |